000 00459nam a22001697a 4500
003 OSt
005 20140310182331.0
008 130924t xxu||||| |||| 00| 0 eng d
020 _a9780752216867
050 _aQB 501.2
_b.R378 1994
082 _aGS 523.111
_bR278 1994
245 _aSpace : tomorrow's world
_cRichard Reisz.
260 _aLondon :
_bBoxtree Ltd,
_c1994.
300 _a48 p.
_bill. col ;
_c27 cm.
942 _2lcc
_cBK-GS
999 _c11979
_d11979